W którym województwie leży to miasto? #2 - Statystyki

Ogólne statystyki
  • Ten quiz został rozwiązany 288 razy
  • Średni wynik to 8 z 16
Odpowiedzi na mapie
Odpowiedzi zakodowano w zielono-czerwonej skali na mapie do tego quizu, zgodnie z poniższymi procentami.
 
Statystyki odpowiedzi
Odpowiedź % Poprawnych
Brzeg
61%
Chojnice
60%
Sandomierz
59%
Żywiec
57%
Iława
56%
Dębica
54%
Świebodzin
54%
Gorlice
49%
Wieluń
49%
Mława
46%
Krotoszyn
45%
Świdnik
45%
Zambrów
43%
Oława
41%
Żnin
39%
Świdwin
34%
Nie znaleziono quizów pasujących do podanych kryteriów
Rozkład punktacji
Procent ludzi z każdym wynikiem
Percentyl według liczby udzielonych odpowiedzi
Twoja historia wyników
Nie rozwiązałeś tego quizu